Luật bóng đá

Đã lưu trong:
书目详细资料
企业作者: Ủy ban thể dục thể thao
格式: 图书
出版: Hà Nội Thể dục thể thao 2005
主题:
标签: 添加标签
没有标签, 成为第一个标记此记录!
Thư viện lưu trữ: Trung tâm Học liệu Lê Vũ Hùng, Trường Đại học Đồng Tháp
LEADER 00697pam a22002178a 4500
001 00037785
005 20171026081025.0
008 170514s2005 ||||||Viesd
041 0 # |a Vie 
082 1 4 |a 796.334  |b L504B 
110 1 # |a Ủy ban thể dục thể thao 
245 1 0 |a Luật bóng đá  |c Ủy ban thể dục thể thao 
260 # # |a Hà Nội  |b Thể dục thể thao  |c 2005 
300 # # |a 39tr. 
653 # # |a Luật bóng đá 
852 # # |b Kho mượn  |j KM.0022441 
852 # # |b Kho đọc  |j KD.0021494 
852 # # |j KD.0021494  |j KM.0022441 
910 |d 14/05/2017 
980 # # |a Trung tâm Học liệu Lê Vũ Hùng, Trường Đại học Đồng Tháp